000 00267nam a22001217a 4500
008 181217b xxu||||| |||| 00| 0 eng d
041 _aeng
080 _24 th
_a611
100 _a7
101 _aANA
245 _aAtlas Human Anatomy
_cNetter.F.H
942 _2udc
_cBK
999 _c53204
_d53204